| 000 | 00886cas a22002657a 4500 | ||
|---|---|---|---|
| 005 | 20171109160244.0 | ||
| 008 | 881012c19709999caubr p a 0 0spa | ||
| 022 | _a0252-8584 | ||
| 040 |
_aDLC _cDLC _dOCLCQ _dOCLCO _dOCLCF _dOCLCO _dOCLCQ _dCO-BoIAVH |
||
| 041 | 0 | _aspa | |
| 044 | _acu | ||
| 090 | _aSE | ||
| 245 | 1 | 0 | _aEconomía y desarrollo |
| 260 |
_aHabana (Cuba) : _bInstituto de Economía de la Universidad de la Habana, _c1970- |
||
| 300 |
_bilustraciones ; _c20 cm |
||
| 310 |
_b1972- _ab |
||
| 321 |
_aq _b1970-1971 |
||
| 650 | 2 | 6 |
_aEconomía _vPublicaciones periódicas |
| 650 | 2 | 6 |
_aPolítica económica _vPublicaciones periódicas |
| 650 | 2 | 6 |
_aDesarrollo económico _vPublicaciones periódicas |
| 651 | 7 | _aCuba. | |
| 710 | 2 |
_aUniversidad de La Habana _bInstituto de Economía |
|
| 942 |
_2z _cREVISTA _s1 |
||
| 999 |
_c19963 _d19963 |
||